MARC

LEADER 00000nam0a2200000 4500
001 370997
005 20231102012333.0
035 |a (RuTPU)RU\TPU\retro\28406 
035 |a RU\TPU\retro\28404 
090 |a 370997 
100 |a 20220824d1963 k y0rusy50 ca 
101 0 |a rus 
102 |a RU 
105 |a a z 001zy 
200 1 |a Закономерности распределения свинцово-цинковой минерализации в междуречье Гава-Кассан (Киргизия)  |f А. М. Лурье  |g Академия наук СССР (АН СССР), Институт геологии рудных месторождений, петрографии, минералогии и геохимии (ИГЕМ) 
210 |a Москва  |c Изд-во АН СССР  |d 1963 
215 |a 148 с.  |c ил. 
225 1 |a Труды института геологии рудных месторождений, петрографии, минералогии и геохимии  |v Вып. 91 
320 |a Библиогр.: с. 141-146 
606 1 |a Свинцово-цинковые месторождения  |x Происхождение  |2 stltpush  |3 (RuTPU)RU\TPU\subj\54218  |9 72376 
610 1 |a Киргизия 
610 1 |a геологическое строение 
610 1 |a геологические исследования 
610 1 |a стратиграфия 
610 1 |a осадочные породы 
610 1 |a фации 
610 1 |a тектоника 
610 1 |a химические элементы 
610 1 |a минерализация 
610 1 |a морфология 
610 1 |a генезис 
675 |a 553.44  |v 4 
700 1 |a Лурье  |b А. М.  |g Абрам Михайлович 
712 0 2 |a Академия наук СССР (АН СССР)  |b Институт геологии рудных месторождений, петрографии, минералогии и геохимии (ИГЕМ)  |c (Москва)  |2 stltpush  |3 (RuTPU)RU\TPU\col\11398 
801 1 |a RU  |b 63413507  |c 20150615 
801 2 |a RU  |b 63413507  |c 20220824  |g RCR 
942 |c BK